000
00347nam a2200145Ia 4500
008
210716s1987 xx 000 0 und d
041
_a
eng
082
_a
005.362 JAGV
100
_a
Jaggi, V P;Jain, Sushma.
245
_a
Bsic for beginners.
250
_a
1
260
_a
New Delhi
_b
Academic Press
_c
1987
300
_a
iiv,266
650
_a
None
999
_c
180881
_d
180881